000
00302nam a22001217a 4500
020
_a
9789350300732
082
_a
519.5163
_b
SIN/ST
100
_a
Singh S.R.J.
_9
996
245
_a
Statistical Methods For Agricultural Workers
260
_a
Jaipur
_b
Oxford Book Company
_c
2012
300
_a
288
942
_c
BK
999
_c
14579
_d
14579